000 00297nam a22001337a 4500
008 181011b xxu||||| |||| 00| 0 eng d
020 _a9780324220988
041 _aeng
080 _a338
100 _a53
101 _aMNG
245 _aAccounting Information Systems
_cGelinas
942 _2udc
_cBK
999 _c49431
_d49431